| 000 | 00000nam##2200000za#4500 |
| 001 | 9.602663 |
| 003 | CaOODSP |
| 005 | 20210624210701 |
| 007 | cr ||||||||||| |
| 008 | 150406|2000||||xxc|||||o f|0| 0 fre|d |
| 040 | |aCaOODSP|bfre |
| 043 | |an-cn--- |
| 086 | 1 |aNH18-22/100-140F-PDF |
| 110 | 2 |aSociété canadienne d'hypothèques et de logement. |
| 245 | 10|aCompendium de la recherche sur l'immeuble de la Conservation Co-op |h[ressource électronique] |
| 260 | |aOttawa - Ontario : |bSociété canadienne d'hypothèques et de logement |c[2000]. |
| 300 | |a6p.|bgraphiques, tableaux |
| 490 | 1 |aLe point en recherche. Série technique |v00-140 |
| 590 | |a11-29-Supp|b2011-11-25 |
| 691 | 07|aÉvaluation environnementale|2gcpds |
| 691 | 07|aLogement|2gcpds |
| 691 | 07|aLogement subventionné|2gcpds |
| 775 | 08|tCompendium of research on the Conservation Co-op building |w(CaOODSP)9.572285 |
| 776 | 0#|tCompendium de la recherche sur l'immeuble de la Conservation Co-op |w(CaOODSP)9.625815 |
| 830 | #0|aLe point en recherche. Série technique ;|v00-140|w(CaOODSP)9.501067 |
| 856 | 40|ahttp://publications.gc.ca|qPDF|s121 Ko|uhttps://publications.gc.ca/collections/Collection/NH18-22-100-140F.pdf|y00-140 |